00571 2200193 4500001002100000005001500021035002000036245007400056100001800130250001900148300004300167856003600210700003600246260003600282082000800318084001500326020002200341600001400363INLIS00000000000260720210727105703 a0010-07210000871 aPengantar akuntansi 1 :bAdaptasi Indonesia edisi 4 /cCarl s. Warren0 aCarl s warren aCetakan kelima a662 Halaman :bIlustrasi ;c21 x 28 cm aPerpustakaan Umum Kota Makassar0 aPenulis lainnya ; James M.Reeve aJakarta :bSalemba Empat,c2017 a529 a529 CAR p a978-979-061-753-7 4aAkuntansi